Gateway to effective communication skills in english / (Record no. 141229)

MARC details
000 -LEADER
fixed length control field 00545nam a22001817a 4500
005 - DATE AND TIME OF LATEST TRANSACTION
control field 20170616143003.0
010 ## - LCCN (DPL NO)
LC control number ENG-118716
020 ## - INTERNATIONAL STANDARD BOOK NUMBER
International Standard Book Number 9788177359923
Terms of availability 150.00
035 ## - SYSTEM CONTROL NUMBER
System control number EN-102248
037 ## - SOURCE OF ACQUISITION
Source of stock number/acquisition DBAD/PUB
082 ## - DEWEY DECIMAL CLASSIFICATION NUMBER
Classification number 485
100 ## - MAIN ENTRY--PERSONAL NAME
Personal name Rajappan, C
245 ## - TITLE STATEMENT
Title Gateway to effective communication skills in english /
Statement of responsibility, etc by C. Rajappan
260 ## - PUBLICATION, DISTRIBUTION, ETC. (IMPRINT)
Place of publication, distribution, etc Chennai
Name of publisher, distributor, etc Pavai Publications
Date of publication, distribution, etc 2011
270 ## - ADDRESS
Address 142, Jani Jan Khan Road, Royapettah
City Chennai
Postal code 600014
300 ## - PHYSICAL DESCRIPTION
Extent 198p.
Dimensions 28cm(pbk)
942 ## - ADDED ENTRY ELEMENTS (KOHA)
Source of classification or shelving scheme Dewey Decimal Classification
Item type English Books
Classification part 485
Call number suffix RAJ
Holdings
Withdrawn status Lost status Not for loan Collection code Home library Current library Date acquired Source of acquisition Cost, normal purchase price Full call number Barcode Copy number Cost, replacement price Koha item type
      Non-fiction Patel Nagar Patel Nagar 16/06/2017 DBAD/PUB 150.00 485 RAJ EN-102248 1 150.00 English Books

© Delhi Public Library
Hit Counter
free hit counter